00226 a2200121 4500001000700000020000600007040001100013100001700024240002600041245002100067300000700088362000900095171601 a  cMagnum aForti, Mirna10aTroque-troque...lpor10aTroque-troque... a160 a1991